| 000 | 00411nam a2200157Ia 4500 | ||
|---|---|---|---|
| 008 | 220530s9999 xx 000 0 und d | ||
| 020 | _a9789387894532 | ||
| 041 | _aeng | ||
| 082 |
_a820 _bPAT |
||
| 100 |
_aPatel Kamlesh _959219 |
||
| 245 | _aDesigning Destiny The Heartfulness Way | ||
| 250 | _a1st | ||
| 260 |
_aChennai _bWestland Publication Pvt. Ltd. _c2019 |
||
| 300 |
_aVIII; 219P. _bPB |
||
| 906 |
_a0 _bGB |
||
| 999 |
_c53117 _d53117 |
||